[Event "EU-ch (Women) 24th"]
[Site "Rhodes"]
[Date "2024.04.28"]
[Round "9"]
[White "Blagojevic, Tijana"]
[Black "Orian, Noga"]
[Result "1-0"]
[WhiteElo "2218"]
[BlackElo "2099"]
[PlyCount "157"]
[EventDate "2024.04.19"]
[EventType "swiss"]
[EventRounds "10"]
[EventCountry "GRE"]
[SourceTitle "CB18_2024"]
[SourceDate "2024.05.01"]
[SourceVersion "1"]
[SourceVersionDate "2024.05.01"]
[SourceQuality "2"]

1. e4 c5 2. Nf3 Nc6 3. Bb5 g6 4. Bxc6 dxc6 5. d3 Bg7 6. 0-0 Nf6 7. Re1 0-0 8. h3 Ne8 9. e5 Nc7 10. b3 Ne6 11. Nbd2 Qc7 12. Bb2 b6 13. a4 a5 14. Ne4 h6 15. Qd2 f5 16. exf6 exf6 17. Ng3 Ra7 18. Re2 Qf7 19. Rae1 Rd8 20. Nf1 g5 21. Re4 Re7 22. Ng3 Qg6 23. R4e2 Ree8 24. Qc3 Kf8 25. Qc4 Nf4 26. Rxe8+ Rxe8 27. Rxe8+ Qxe8 28. Kf1 Be6 29. Qe4 Qd7 30. Ne1 Bd5 31. Qf5 Be6 32. Qe4 h5 33. h4 Bd5 34. Qf5 Be6 35. Qe4 Bd5 36. Qf5 Be6 37. Qh7 Bg8 38. Qe4 Bd5 39. Qe3 Qg4 40. hxg5 fxg5 41. Bxg7+ Kxg7 42. Qe7+ Kg6 43. c4 Qe6 44. Qd8 h4 45. cxd5 cxd5 46. Nf3 Qf6 47. Qxf6+ Kxf6 48. Ne2 Nxd3 49. Nc3 Nb4 50. Ke2 Kf5 51. Nd1 d4 52. Nb2 Kf4 53. g3+ hxg3 54. fxg3+ Kxg3 55. Nxg5 Kf4 56. Nh3+ Ke4 57. Nf2+ Kd5 58. Nfd3 Na2 59. Kd2 Nc3 60. Nc4 Nxa4 61. Nf4+ Kc6 62. bxa4 b5 63. Ne5+ Kd6 64. Nf7+ Kc6 65. Nd8+ Kd7 66. axb5 Kxd8 67. Ne6+ Kd7 68. Nxc5+ Kd6 69. Na4 Ke5 70. Kd3 Kd5 71. b6 Kc6 72. Kxd4 Kb7 73. Kd5 Ka6 74. Kc5 Kb7 75. Kb5 Kb8 76. Kxa5 Kb7 77. Kb5 Kb8 78. Kc6 Ka8 79. Nc5 1-0

[Event "EU-ch (Women) 24th"]
[Site "Rhodes"]
[Date "2024.04.20"]
[Round "2"]
[White "Chasouraki, Chrysi"]
[Black "Orian, Noga"]
[Result "0-1"]
[WhiteElo "1827"]
[BlackElo "2099"]
[PlyCount "98"]
[EventDate "2024.04.19"]
[EventType "swiss"]
[EventRounds "10"]
[EventCountry "GRE"]
[SourceTitle "CB18_2024"]
[SourceDate "2024.05.01"]
[SourceVersion "1"]
[SourceVersionDate "2024.05.01"]
[SourceQuality "2"]

1. e4 c5 2. Nf3 d6 3. d4 cxd4 4. Nxd4 Nf6 5. Nc3 a6 6. Bg5 Nbd7 7. Bc4 Qb6 8. Bb3 e6 9. Bxf6 Nxf6 10. Qd2 Be7 11. 0-0-0 0-0 12. f4 Qc7 13. f5 e5 14. Nf3 b5 15. a3 Bb7 16. Rde1 Rac8 17. g4 d5 18. Nxd5 Bxd5 19. exd5 e4 20. Nd4 Bd6 21. Kb1 h6 22. Reg1 Bf4 23. Qf2 Rfe8 24. Ne2 Bd2 25. h4 Qe5 26. g5 Nxd5 27. Bxd5 Qxd5 28. gxh6 Bxh6 29. Nc3 e3 30. Qf1 Qe5 31. f6 e2 32. Qf2 Re6 33. fxg7 Be3 34. Qxe2 Bxg1 35. Qxe5 Rxe5 36. Rxg1 Rc4 37. Rh1 Kxg7 38. h5 Kh6 39. Rf1 f5 40. Kc1 Kxh5 41. Nd1 Rce4 42. Rh1+ Kg5 43. Rg1+ Kf6 44. Rg8 Rd4 45. c3 Rd7 46. Rg1 Re2 47. Rh1 Rd3 48. Rh6+ Kg5 49. Rxa6 Re1 0-1

[Event "ISR-ch op"]
[Site "Acre"]
[Date "2024.01.29"]
[Round "9"]
[White "Shohat, Yotam"]
[Black "Orian, Noga"]
[Result "1-0"]
[WhiteElo "2328"]
[BlackElo "2052"]
[PlyCount "59"]
[EventDate "2024.01.21"]
[EventType "swiss"]
[EventRounds "9"]
[EventCountry "ISR"]
[SourceTitle "CB05_2024"]
[SourceDate "2024.01.31"]
[SourceVersion "1"]
[SourceVersionDate "2024.01.31"]
[SourceQuality "1"]

1. Nf3 d5 2. g3 Nd7 3. d4 Nb6 4. Bg2 Bf5 5. 0-0 h6 6. a4 a5 7. Ne5 Nf6 8. c4 c6 9. cxd5 Nbxd5 10. Qb3 Qc7 11. Nc3 e6 12. Re1 Nb4 13. e4 Bh7 14. Bf4 Bd6 15. Nxf7 Kxf7 16. e5 Qd7 17. exd6 Bc2 18. Qc4 Bd3 19. Qc5 Bf5 20. Bf1 Nc2 21. Bc4 Kg6 22. f3 h5 23. h3 Nxe1 24. Rxe1 Rhe8 25. g4 hxg4 26. hxg4 Bc2 27. Re2 Nd5 28. Nxd5 exd5 29. Rxc2 dxc4 30. Qh5+ 1-0

[Event "ISR-ch op"]
[Site "Acre"]
[Date "2024.01.28"]
[Round "8"]
[White "Orian, Noga"]
[Black "Kupervaser, Erez"]
[Result "1-0"]
[WhiteElo "2052"]
[BlackElo "2250"]
[PlyCount "93"]
[EventDate "2024.01.21"]
[EventType "swiss"]
[EventRounds "9"]
[EventCountry "ISR"]
[SourceTitle "CB05_2024"]
[SourceDate "2024.01.31"]
[SourceVersion "1"]
[SourceVersionDate "2024.01.31"]
[SourceQuality "1"]

1. d4 Nf6 2. c4 g6 3. Nc3 Bg7 4. e4 d6 5. Be2 0-0 6. Be3 Nc6 7. d5 Ne5 8. h3 e6 9. Nf3 Nxf3+ 10. Bxf3 Nd7 11. Qd2 Nc5 12. 0-0 a5 13. Rad1 e5 14. Bxc5 dxc5 15. d6 Be6 16. Be2 cxd6 17. Qxd6 Qg5 18. Kh1 Rac8 19. Nd5 Bxd5 20. cxd5 Qh4 21. Bg4 Rcd8 22. Qxc5 h5 23. g3 Qg5 24. Bf3 h4 25. Qc1 Qe7 26. Qd2 Rd6 27. Rc1 Kh7 28. Qxa5 hxg3 29. fxg3 Ra6 30. Qc7 Qg5 31. Kg2 Rxa2 32. Rc2 f5 33. h4 Qe3 34. h5 fxe4 35. hxg6+ Kg8 36. Bd1 Rxf1 37. Kxf1 Qd3+ 38. Be2 Ra1+ 39. Kg2 Rg1+ 40. Kxg1 Qxg3+ 41. Kf1 Qf4+ 42. Ke1 Qg3+ 43. Kd1 Qg1+ 44. Kd2 Bh6+ 45. Kc3 Qe3+ 46. Kb4 Bf8+ 47. d6 1-0

[Event "ISR-ch op"]
[Site "Acre"]
[Date "2024.01.26"]
[Round "6"]
[White "Orian, Noga"]
[Black "Kraus, Ohad"]
[Result "1/2-1/2"]
[WhiteElo "2052"]
[BlackElo "2325"]
[PlyCount "141"]
[EventDate "2024.01.21"]
[EventType "swiss"]
[EventRounds "9"]
[EventCountry "ISR"]
[SourceTitle "CB05_2024"]
[SourceDate "2024.01.31"]
[SourceVersion "1"]
[SourceVersionDate "2024.01.31"]
[SourceQuality "1"]

1. d4 Nf6 2. c4 g6 3. Nc3 Bg7 4. e4 d6 5. Be2 0-0 6. Be3 c5 7. d5 Qa5 8. Bd2 a6 9. h3 Nbd7 10. a4 Qc7 11. Nf3 Ne5 12. Nh2 e6 13. f4 Ned7 14. dxe6 fxe6 15. 0-0 Nb8 16. Be3 Nc6 17. Qd2 Nd4 18. Rad1 b6 19. Nf3 e5 20. fxe5 dxe5 21. Bg5 Qd6 22. Qe1 Ra7 23. Qh4 Raf7 24. Rf2 Bb7 25. Nd5 Nxd5 26. cxd5 Bc8 27. Rdf1 Nxe2+ 28. Rxe2 Bd7 29. b3 b5 30. a5 c4 31. bxc4 bxc4 32. Ref2 Qc5 33. Kh1 c3 34. Bc1 Bf6 35. Qh6 Bb5 36. Be3 Qb4 37. Re1 Bd3 38. Bb6 Bxe4 39. Qe3 Bxf3 40. Rxf3 Qb5 41. Qe4 c2 42. Rc3 Rd7 43. Rc5 Qb3 44. Qg4 Rff7 45. Qe4 Kg7 46. Rc1 Bg5 47. Qxe5+ Kh6 48. Rc3 Bxc1 49. Rxb3 Rf1+ 50. Kh2 Bf4+ 51. Qxf4+ Rxf4 52. Be3 g5 53. Rb6+ Kg7 54. Bxf4 gxf4 55. Rc6 Rxd5 56. Rxc2 Rxa5 57. Rc4 Rf5 58. Kg1 Rf6 59. Ra4 Kf7 60. Re4 f3 61. g4 Kg6 62. Re5 f2+ 63. Kf1 Kf7 64. Rh5 h6 65. Re5 Kg6 66. Ra5 Kf7 67. Re5 Kf8 68. h4 Rf4 69. Ra5 Rxg4 70. Rxa6 Rxh4 71. Kxf2 1/2-1/2

[Event "Monsaraz op"]
[Site "Monsaraz"]
[Date "2023.11.28"]
[Round "9"]
[White "Orian, Noga"]
[Black "Potluri, Saye Srreezza"]
[Result "1/2-1/2"]
[WhiteElo "1999"]
[BlackElo "1871"]
[PlyCount "55"]
[EventDate "2023.11.21"]
[EventType "swiss"]
[EventRounds "9"]
[EventCountry "POR"]
[SourceTitle "CB49_2023"]
[SourceDate "2023.12.06"]
[SourceVersion "1"]
[SourceVersionDate "2023.12.06"]
[SourceQuality "1"]

1. d4 d5 2. Nc3 c5 3. Bf4 e6 4. e3 a6 5. Nf3 Nc6 6. a3 Nf6 7. Be2 Be7 8. Ne5 Nd7 9. Nxc6 bxc6 10. Na4 0-0 11. 0-0 a5 12. c4 Ba6 13. Rc1 cxd4 14. exd4 Bg5 15. Bxg5 Qxg5 16. cxd5 Bxe2 17. Qxe2 Qxd5 18. Rfd1 Rab8 19. Rc3 Rb3 20. Qc2 Rxc3 21. Nxc3 Qc4 22. b3 Qa6 23. Ne4 Qb5 24. Rd3 Qd5 25. Nc5 Rd8 26. Nb7 Rb8 27. Nc5 Rd8 28. Nb7 1/2-1/2

[Event "Monsaraz op"]
[Site "Monsaraz"]
[Date "2023.11.26"]
[Round "7"]
[White "Orian, Noga"]
[Black "Ribeiro, Jose Miguel Saraiva"]
[Result "0-1"]
[WhiteElo "1999"]
[BlackElo "1985"]
[PlyCount "126"]
[EventDate "2023.11.21"]
[EventType "swiss"]
[EventRounds "9"]
[EventCountry "POR"]
[SourceTitle "CB49_2023"]
[SourceDate "2023.12.06"]
[SourceVersion "1"]
[SourceVersionDate "2023.12.06"]
[SourceQuality "1"]

1. d4 d5 2. c4 c6 3. e3 e6 4. Nf3 Nf6 5. b3 Nbd7 6. Bb2 Qa5+ 7. Nbd2 Ne4 8. a3 Nxd2 9. Nxd2 Nf6 10. b4 Qd8 11. Bd3 a5 12. c5 axb4 13. axb4 Rxa1 14. Qxa1 Be7 15. Qa7 0-0 16. 0-0 Nd7 17. Nb3 f5 18. f4 Nf6 19. Na5 Qd7 20. Rb1 Bd8 21. Bc3 Ne4 22. Be1 g5 23. b5 gxf4 24. bxc6 bxc6 25. Qxd7 Bxd7 26. exf4 Bf6 27. Rb4 Ra8 28. Kf1 Be8 29. Nb3 Kf8 30. Be2 Ra7 31. Rb8 Ke7 32. g4 fxg4 33. Bxg4 Bd7 34. Bh5 Ra2 35. Ba5 Rxa5 36. Nxa5 Bxd4 37. Rb7 Kd8 38. Rb8+ Kc7 39. Rf8 Nxc5 40. Rf7 Bc3 41. Nxc6 Kxc6 42. f5 h6 43. Rh7 exf5 44. Rxh6+ Ne6 45. Bf3 Kd6 46. h4 Ke5 47. h5 d4 48. Rg6 Bb5+ 49. Kf2 Be8 50. Rg1 Bd2 51. Rh1 Be3+ 52. Kg2 Bh6 53. Re1+ Kf6 54. Rb1 Nf4+ 55. Kf2 Nxh5 56. Rb6+ Kg5 57. Rd6 Bg7 58. Rd8 Bg6 59. Rd7 Be5 60. Rd5 Kf6 61. Rd7 Nf4 62. Ra7 Nd3+ 63. Ke2 Nc5 0-1

[Event "World ol U16"]
[Site "Eindhoven"]
[Date "2023.08.18"]
[Round "9.8"]
[White "Orian, Noga"]
[Black "Kholyavko, Mariya"]
[Result "1-0"]
[WhiteElo "1991"]
[BlackElo "1578"]
[PlyCount "104"]
[EventDate "2023.08.13"]
[EventType "team-swiss"]
[EventRounds "9"]
[EventCountry "NED"]
[SourceTitle "CBM 215 Extra"]
[Source "ChessBase"]
[SourceDate "2023.09.30"]
[SourceVersion "1"]
[SourceVersionDate "2023.09.30"]
[SourceQuality "1"]
[WhiteTeam "Israel"]
[BlackTeam "Kazakhstan V"]
[WhiteTeamCountry "ISR"]
[BlackTeamCountry "KAZ"]

1. d4 Nf6 2. c4 g6 3. Nc3 Bg7 4. e4 d6 5. Be2 0-0 6. Be3 c5 7. d5 e6 8. Nf3 exd5 9. cxd5 Bg4 10. Nd2 Bxe2 11. Qxe2 Re8 12. 0-0 Nbd7 13. h3 Nh5 14. g4 Nhf6 15. Qd3 a6 16. a4 Ne5 17. Qe2 Qd7 18. Kg2 Qd8 19. f4 Ned7 20. Qd3 Re7 21. Bf2 Qc7 22. Rfe1 Rae8 23. Bg3 Kh8 24. Nc4 Ng8 25. Kh2 Nb6 26. Re2 Nxc4 27. Qxc4 f5 28. gxf5 gxf5 29. Rae1 fxe4 30. Nxe4 h6 31. Bh4 Rf7 32. Ng3 Ref8 33. Rf1 b5 34. axb5 axb5 35. Qe4 Nf6 36. Qf3 c4 37. Re6 Qc5 38. Rd1 Nd7 39. Ne4 Qb4 40. Qh5 Nf6 41. Nxf6 Qxb2+ 42. Kh1 Rxf6 43. Bxf6 Rxf6 44. Rg1 Rxe6 45. dxe6 Qf6 46. Qe8+ Kh7 47. e7 c3 48. Qg6+ Qxg6 49. Rxg6 Kxg6 50. e8Q+ Kh7 51. Qxb5 Kh8 52. Qd3 Kg8 1-0

[Event "EU-chT U18 Girls"]
[Site "Iasi"]
[Date "2023.07.29"]
[Round "6.1"]
[White "Hnatyshyn, Anastasiya"]
[Black "Orian, Noga"]
[Result "1-0"]
[WhiteElo "2101"]
[BlackElo "2121"]
[PlyCount "63"]
[EventDate "2023.07.24"]
[EventType "team-swiss"]
[EventRounds "7"]
[EventCountry "ROU"]
[SourceTitle "CBM 215 Extra"]
[Source "ChessBase"]
[SourceDate "2023.09.30"]
[SourceVersion "1"]
[SourceVersionDate "2023.09.30"]
[SourceQuality "1"]
[WhiteTeam "Monte Carlo U18 Girls"]
[BlackTeam "Israel U18 Girls"]
[WhiteTeamCountry "MNC"]
[BlackTeamCountry "ISR"]

1. e4 c5 2. Nf3 d6 3. d4 cxd4 4. Nxd4 Nf6 5. Nc3 a6 6. f3 e5 7. Nb3 Be6 8. Be3 Be7 9. Qd2 Nbd7 10. g4 0-0 11. 0-0-0 b5 12. g5 Nh5 13. Nd5 Bxd5 14. exd5 f6 15. gxf6 Bxf6 16. Na5 Qe8 17. Bd3 Nf4 18. Be4 Bd8 19. Nc6 Nb6 20. b3 Kh8 21. Rhg1 Rc8 22. Nxd8 Qxd8 23. Rg4 Nh5 24. Bxb6 Qxb6 25. Qg5 g6 26. Bxg6 Nf6 27. Rh4 Qf2 28. Bf5 Rc7 29. Qh6 Rg7 30. Rh3 Nxd5 31. Bxh7 Nf6 32. Bg6+ 1-0

[Event "EU-chT U18 Girls"]
[Site "Iasi"]
[Date "2023.07.24"]
[Round "1.1"]
[White "Orian, Noga"]
[Black "Stan, Luciana Gabriela"]
[Result "1-0"]
[WhiteElo "2121"]
[BlackElo "1875"]
[PlyCount "75"]
[EventDate "2023.07.24"]
[EventType "team-swiss"]
[EventRounds "7"]
[EventCountry "ROU"]
[SourceTitle "CBM 215 Extra"]
[Source "ChessBase"]
[SourceDate "2023.09.30"]
[SourceVersion "1"]
[SourceVersionDate "2023.09.30"]
[SourceQuality "1"]
[WhiteTeam "Israel U18 Girls"]
[BlackTeam "Romania Light Energy U18 Girls"]
[WhiteTeamCountry "ISR"]
[BlackTeamCountry "ROU"]

1. d4 d5 2. c4 dxc4 3. e3 Nf6 4. Bxc4 e6 5. Nf3 c5 6. 0-0 Nc6 7. dxc5 Qxd1 8. Rxd1 Bxc5 9. a3 a6 10. b4 Ba7 11. Bb2 0-0 12. Nbd2 b5 13. Be2 Bb7 14. Nb3 Rad8 15. Nfd2 Nd7 16. Bf3 Ba8 17. Be2 f5 18. Nf3 e5 19. Rd6 Bb8 20. Rd2 e4 21. Ng5 Nde5 22. Rad1 Bb7 23. Nd4 Rde8 24. Nde6 Rf6 25. Nd8 Nxd8 26. Rxd8 Rff8 27. Rxb8 Rxb8 28. Bxe5 Rbe8 29. Bb2 Re7 30. Rd6 Bc8 31. Bd1 f4 32. Bb3+ Kh8 33. Rh6 Bf5 34. Rd6 Bg6 35. Ne6 Rc8 36. Nxg7 Rxg7 37. Rd7 Rc1+ 38. Bd1 1-0

[Event "Brasov GP RO"]
[Site "Brasov"]
[Date "2023.07.17"]
[Round "3"]
[White "Monroy, Charles"]
[Black "Orian, Noga"]
[Result "1-0"]
[WhiteElo "2394"]
[BlackElo "2121"]
[PlyCount "87"]
[EventDate "2023.07.16"]
[EventType "swiss"]
[EventRounds "9"]
[EventCountry "ROU"]
[SourceTitle "CBM 215 Extra"]
[Source "ChessBase"]
[SourceDate "2023.09.30"]
[SourceVersion "1"]
[SourceVersionDate "2023.09.30"]
[SourceQuality "1"]

1. Nf3 d5 2. c4 e6 3. g3 Nf6 4. Bg2 Be7 5. 0-0 0-0 6. d4 dxc4 7. Qc2 a6 8. a4 Bd7 9. Rd1 Bc6 10. Nc3 Nbd7 11. e4 b5 12. d5 exd5 13. e5 Ne8 14. Nxd5 Bxd5 15. Rxd5 c6 16. Rd1 Qc7 17. axb5 cxb5 18. Ng5 Bxg5 19. Bxa8 Bxc1 20. Rdxc1 Qxe5 21. b3 Nc7 22. Bg2 cxb3 23. Qxb3 Nc5 24. Qf3 N7e6 25. Qd5 Qf6 26. Rd1 g6 27. Qc6 Qe5 28. Rac1 Nb3 29. Rb1 Nbc5 30. Bd5 Qf5 31. f4 h5 32. Rbc1 Na4 33. Be4 Qf6 34. h4 Nb2 35. Rd7 Re8 36. f5 gxf5 37. Rf1 Qe5 38. Rxf5 Qxg3+ 39. Bg2 Qe1+ 40. Rf1 Qe3+ 41. Kh1 Rf8 42. Rdxf7 Rxf7 43. Qe8+ Kh7 44. Rxf7+ 1-0

[Event "Ramat Gan Shavuot op"]
[Site "Ramat Gan"]
[Date "2023.05.25"]
[Round "4"]
[White "Dimenstein, Daniel"]
[Black "Orian, Noga"]
[Result "0-1"]
[WhiteElo "1818"]
[BlackElo "2131"]
[PlyCount "74"]
[EventDate "2023.05.25"]
[EventType "swiss (rapid)"]
[EventRounds "6"]
[EventCountry "ISR"]
[SourceTitle "CBM 214 Extra"]
[Source "ChessBase"]
[SourceDate "2023.07.31"]
[SourceVersion "1"]
[SourceVersionDate "2023.07.31"]
[SourceQuality "1"]

1. d4 Nf6 2. Bg5 d5 3. Bxf6 gxf6 4. e3 c5 5. c4 dxc4 6. Bxc4 cxd4 7. Qxd4 Qxd4 8. exd4 Nc6 9. Bb5 Bd7 10. Nf3 Rg8 11. 0-0 0-0-0 12. Na3 Bh3 13. g3 Bxf1 14. Kxf1 e6 15. Nc2 Bh6 16. a4 a6 17. Bc4 Bf8 18. Rc1 Kb8 19. Rb1 Nb4 20. Nfe1 f5 21. Nxb4 Bxb4 22. Nd3 Rxd4 23. b3 Bd6 24. Ke2 f4 25. Kf3 Rc8 26. Nb2 b5 27. axb5 axb5 28. Bxb5 Rc3+ 29. Bd3 Rdxd3+ 30. Nxd3 Rxd3+ 31. Ke4 Rd2 32. gxf4 Rxf2 33. f5 Rxf5 34. b4 Rf4+ 35. Ke3 Rxb4 36. Rf1 f5 37. Rg1 Bc5+ 0-1

[Event "Ramat Gan Shavuot op"]
[Site "Ramat Gan"]
[Date "2023.05.25"]
[Round "6"]
[White "Orian, Noga"]
[Black "Michaeli, Omri"]
[Result "1-0"]
[WhiteElo "2131"]
[BlackElo "1874"]
[PlyCount "67"]
[EventDate "2023.05.25"]
[EventType "swiss (rapid)"]
[EventRounds "6"]
[EventCountry "ISR"]
[SourceTitle "CBM 214 Extra"]
[Source "ChessBase"]
[SourceDate "2023.07.31"]
[SourceVersion "1"]
[SourceVersionDate "2023.07.31"]
[SourceQuality "1"]

1. d4 Nf6 2. c4 e6 3. Nf3 b6 4. a3 c5 5. d5 Ba6 6. Qc2 exd5 7. cxd5 d6 8. Nc3 g6 9. h4 Bg7 10. Bf4 Qe7 11. e4 Bxf1 12. Kxf1 Nbd7 13. Nb5 Ne5 14. Nxd6+ Qxd6 15. Bxe5 Qd7 16. Re1 0-0 17. Qc3 Nh5 18. Bxg7 Nxg7 19. Ne5 Qd6 20. h5 Nxh5 21. Rxh5 Rfe8 22. Nc4 Qf4 23. g3 Qc7 24. Rh4 b5 25. Nd2 a5 26. Kg2 h5 27. Reh1 Ra6 28. Rf4 Qd6 29. Qf3 Re7 30. g4 hxg4 31. Qxg4 Qe5 32. Nf3 f5 33. exf5 Qxd5 34. f6 1-0

[Event "Rishon Le Ziyyon-ch U18"]
[Site "Rishon Le Ziyyon"]
[Date "2023.03.30"]
[Round "4"]
[White "Bazavluk, Vari"]
[Black "Orian, Noga"]
[Result "0-1"]
[WhiteElo "1024"]
[BlackElo "1957"]
[PlyCount "72"]
[EventDate "2023.03.28"]
[EventType "swiss"]
[EventRounds "9"]
[EventCountry "ISR"]
[SourceTitle "CBM 213 Extra"]
[Source "ChessBase"]
[SourceDate "2023.05.31"]
[SourceVersion "1"]
[SourceVersionDate "2023.05.31"]
[SourceQuality "1"]

1. e4 e6 2. d4 d5 3. exd5 exd5 4. Nf3 Nf6 5. Bd3 c5 6. Be3 c4 7. Be2 Bd6 8. Nc3 Nc6 9. 0-0 h6 10. h3 0-0 11. a3 a6 12. Re1 b5 13. Bd2 Bf5 14. Be3 Bc7 15. Rf1 Qd6 16. Re1 Rfe8 17. Rf1 Ne4 18. Ne5 Nxc3 19. bxc3 Nxe5 20. dxe5 Qxe5 21. g3 Bxh3 22. Re1 Qf5 23. Bf3 Rad8 24. Bh1 h5 25. Bf3 h4 26. Kh2 hxg3+ 27. fxg3 Qh7 28. Bf2 Bg4+ 29. Kg1 Rxe1+ 30. Bxe1 Bb6+ 31. Bf2 Bxf2+ 32. Kxf2 Qh2+ 33. Ke3 Qxg3 34. Qf1 Re8+ 35. Kd2 Qf4+ 36. Kd1 Bxf3+ 0-1

[Event "EU-ch 23rd"]
[Site "Vrnjacka Banja"]
[Date "2023.03.12"]
[Round "10"]
[White "Savicevic, Vlatko"]
[Black "Orian, Noga"]
[Result "1-0"]
[WhiteElo "2268"]
[BlackElo "1957"]
[PlyCount "41"]
[EventDate "2023.03.03"]
[EventType "swiss"]
[EventRounds "11"]
[EventCountry "SRB"]
[SourceTitle "CBM 213"]
[Source "ChessBase"]
[SourceDate "2023.04.30"]
[SourceVersion "1"]
[SourceVersionDate "2023.04.30"]
[SourceQuality "1"]

1. e4 c5 2. Ne2 d5 3. exd5 Qxd5 4. Nbc3 Qd8 5. d4 cxd4 6. Qxd4 Qxd4 7. Nxd4 a6 8. Nd5 Kd8 9. Nb6 Ra7 10. Be3 Bg4 11. f3 Bh5 12. 0-0-0 Ke8 13. Bb5+ axb5 14. Nxb5 Na6 15. Nxa7 e6 16. Rd2 f5 17. Rd7 Nc5 18. Rc7 Na6 19. Rxb7 Ne7 20. Rd1 Kf7 21. Nc6 1-0

[Event "EU-ch 23rd"]
[Site "Vrnjacka Banja"]
[Date "2023.03.08"]
[Round "6"]
[White "Stojanovic, Andjelija"]
[Black "Orian, Noga"]
[Result "1/2-1/2"]
[WhiteElo "2262"]
[BlackElo "1957"]
[PlyCount "50"]
[EventDate "2023.03.03"]
[EventType "swiss"]
[EventRounds "11"]
[EventCountry "SRB"]
[SourceTitle "CBM 213"]
[Source "ChessBase"]
[SourceDate "2023.04.30"]
[SourceVersion "1"]
[SourceVersionDate "2023.04.30"]
[SourceQuality "1"]

1. Nf3 d5 2. g3 c6 3. Bg2 Bf5 4. 0-0 e6 5. d3 h6 6. c4 Nf6 7. cxd5 exd5 8. Qb3 Qb6 9. Qc2 Be7 10. Nc3 Nbd7 11. e4 dxe4 12. dxe4 Bh7 13. Be3 Qa6 14. Rad1 0-0 15. Rfe1 Rfd8 16. a3 b5 17. Qb3 Nc5 18. Bxc5 Bxc5 19. Ne5 Qb7 20. Rxd8+ Rxd8 21. Rd1 Rxd1+ 22. Qxd1 Qb6 23. Qd2 Qc7 24. Nd3 Bd4 25. Nb4 Bxc3 1/2-1/2

[Event "EU-ch 23rd"]
[Site "Vrnjacka Banja"]
[Date "2023.03.03"]
[Round "1"]
[White "Orian, Noga"]
[Black "Ben Ari, Yannay"]
[Result "1-0"]
[WhiteElo "1957"]
[BlackElo "2411"]
[PlyCount "127"]
[EventDate "2023.03.03"]
[EventType "swiss"]
[EventRounds "11"]
[EventCountry "SRB"]
[SourceTitle "CBM 213"]
[Source "ChessBase"]
[SourceDate "2023.04.30"]
[SourceVersion "1"]
[SourceVersionDate "2023.04.30"]
[SourceQuality "1"]

1. d4 d6 2. Nf3 Nf6 3. Nbd2 g6 4. e4 Bg7 5. Bd3 0-0 6. h3 Nbd7 7. 0-0 e5 8. c3 b6 9. Re1 Bb7 10. d5 a5 11. a4 c6 12. dxc6 Bxc6 13. Nc4 Qc7 14. Bg5 Rae8 15. Bxf6 Nxf6 16. Qb3 d5 17. exd5 Nxd5 18. Rad1 Nf4 19. Be4 Bxe4 20. Rxe4 Qc6 21. Re3 Rc8 22. Ncxe5 Bxe5 23. Rxe5 Nxh3+ 24. Kf1 Nf4 25. Qb5 Qf6 26. Rd7 Kg7 27. g3 Ne6 28. Qxb6 Qxf3 29. Qxe6 Qh1+ 30. Ke2 Rb8 31. Qa2 Qc1 32. Rd2 Rfd8 33. b3 Re8 34. Re3 Rxe3+ 35. fxe3 Qg1 36. c4 Qg2+ 37. Kd1 Qf3+ 38. Kc2 Qe4+ 39. Rd3 Rd8 40. Qb2+ Kh6 41. Qc3 Rd6 42. c5 Rd5 43. Qc4 Qxc4+ 44. bxc4 Rxc5 45. Kc3 Kg7 46. Kd4 Rc8 47. Rb3 h5 48. c5 Kf6 49. Kd5 Rd8+ 50. Kc6 Ke6 51. Rc3 Rd1 52. Kb7 Ke7 53. c6 Rb1+ 54. Kc8 Rb4 55. c7 g5 56. Rc5 h4 57. gxh4 gxh4 58. Rxa5 h3 59. Re5+ Kd6 60. Rh5 Rc4 61. Rh6+ Ke7 62. a5 Ra4 63. a6 h2 64. Rxh2 1-0

[Event "ISR-ch (Women)"]
[Site "Arad"]
[Date "2022.12.10"]
[Round "6"]
[White "Orian, Noga"]
[Black "Levitan, Ronit"]
[Result "0-1"]
[WhiteElo "1949"]
[BlackElo "1973"]
[PlyCount "88"]
[EventDate "2022.12.05"]
[EventType "tourn"]
[EventRounds "9"]
[EventCountry "ISR"]
[SourceTitle "CBM 211 Extra"]
[Source "ChessBase"]
[SourceDate "2023.01.31"]
[SourceVersion "1"]
[SourceVersionDate "2023.01.31"]
[SourceQuality "1"]

1. c4 e6 2. Nc3 d5 3. d4 Be7 4. cxd5 exd5 5. Bf4 Nf6 6. e3 0-0 7. Bd3 c5 8. dxc5 Bxc5 9. Nf3 Nc6 10. h3 d4 11. exd4 Re8+ 12. Ne2 Nxd4 13. Nfxd4 Qxd4 14. 0-0 Rxe2 15. Bxe2 Qxf4 16. Qd8+ Bf8 17. Rac1 Qb8 18. Bf3 Be6 19. Qxb8 Rxb8 20. Rfd1 b6 21. a3 a5 22. Rc7 g6 23. Rb7 Rxb7 24. Bxb7 Bc5 25. Rd8+ Kg7 26. Bc6 Bb3 27. g3 Ng8 28. g4 Ne7 29. Bb7 Kf6 30. Rd3 Bc4 31. Rc3 Be6 32. Rd3 Ke5 33. Kg2 Nd5 34. Kg3 Nf4 35. Rd1 g5 36. Re1+ Kd4 37. h4 h6 38. Kf3 Kd3 39. Rb1 Bb3 40. hxg5 hxg5 41. Rc1 Kd2 42. Rc3 Bd1+ 43. Ke4 Bxg4 44. Ba6 Bxf2 0-1

[Event "ISR-ch (Women)"]
[Site "Arad"]
[Date "2022.12.09"]
[Round "5"]
[White "Kochavi, Dana"]
[Black "Orian, Noga"]
[Result "0-1"]
[WhiteElo "2011"]
[BlackElo "1949"]
[PlyCount "78"]
[EventDate "2022.12.05"]
[EventType "tourn"]
[EventRounds "9"]
[EventCountry "ISR"]
[SourceTitle "CBM 211 Extra"]
[Source "ChessBase"]
[SourceDate "2023.01.31"]
[SourceVersion "1"]
[SourceVersionDate "2023.01.31"]
[SourceQuality "1"]

1. e4 c5 2. Nf3 d6 3. d4 cxd4 4. Nxd4 Nf6 5. Nc3 a6 6. h3 e5 7. Nde2 b5 8. g4 b4 9. Nd5 Nxd5 10. Qxd5 Ra7 11. Bg2 Rc7 12. c3 Be6 13. Qd1 Bc4 14. 0-0 bxc3 15. bxc3 Be7 16. Re1 0-0 17. Ng3 g6 18. Ba3 Rc6 19. Qc2 Nd7 20. Bf1 Qc7 21. Re3 Rc8 22. Rd1 Bxf1 23. Nxf1 Qa5 24. Qb2 Nb6 25. Bb4 Qb5 26. Red3 Nc4 27. Qb3 a5 28. Rd5 Qa6 29. Ba3 a4 30. Qb5 Qxb5 31. Rxb5 Nxa3 32. Rb7 R6c7 33. Rxc7 Rxc7 34. Ne3 Rb7 35. Nd5 Kf8 36. Nb4 Rc7 37. Rd3 Rc4 38. f3 Nb5 39. Nd5 Bd8 0-1

[Event "ISR-ch (Women)"]
[Site "Arad"]
[Date "2022.12.08"]
[Round "4"]
[White "Orian, Noga"]
[Black "Reprun, Nadejda"]
[Result "1-0"]
[WhiteElo "1949"]
[BlackElo "1979"]
[PlyCount "121"]
[EventDate "2022.12.05"]
[EventType "tourn"]
[EventRounds "9"]
[EventCountry "ISR"]
[SourceTitle "CBM 211 Extra"]
[Source "ChessBase"]
[SourceDate "2023.01.31"]
[SourceVersion "1"]
[SourceVersionDate "2023.01.31"]
[SourceQuality "1"]

1. d4 d5 2. c4 c6 3. Nf3 Nf6 4. e3 Bf5 5. Nc3 e6 6. Nh4 Be4 7. f3 Bg6 8. Bd2 Be7 9. Nxg6 hxg6 10. Qb3 Qc7 11. g3 Nbd7 12. Kf2 0-0 13. Rc1 Rac8 14. Kg2 a6 15. a4 dxc4 16. Bxc4 b5 17. axb5 axb5 18. Bd3 Qd6 19. Na2 Qb8 20. Rc2 e5 21. Rhc1 exd4 22. exd4 Qb6 23. Bb4 Rfe8 24. Bxg6 Nd5 25. Be4 N7f6 26. Bxe7 Rxe7 27. Nb4 Nxb4 28. Qxb4 Rec7 29. Rc5 Nxe4 30. fxe4 Ra8 31. d5 Ra4 32. Qe1 Re7 33. e5 cxd5 34. Qe2 Qg6 35. Rxd5 Qe4+ 36. Qxe4 Rxe4 37. Rxb5 R4xe5 38. Rxe5 Rxe5 39. Rc8+ Kh7 40. Kf3 f5 41. Rc4 Rb5 42. b4 g5 43. Ke3 Kg6 44. Kd4 g4 45. Rc6+ Kg5 46. Kc4 Re5 47. Kb3 Rd5 48. Rc2 Kf6 49. Re2 Rd4 50. Kc3 Rd1 51. Kc4 Rf1 52. Kc5 f4 53. gxf4 Rxf4 54. b5 Rf3 55. b6 Rb3 56. Kc6 Kg5 57. b7 Rc3+ 58. Kd7 Rd3+ 59. Kc8 Rc3+ 60. Kb8 Rb3 61. Rc2 1-0